MATERIALES PARA UNA FILOSOFIA DE LA RELIGION/

CONTENIDO: V.1 CUESTIONES EPISTEMOLOGICAS.-- V.2 LA TRADICION ANALITICA

Збережено в:
Бібліографічні деталі
Інші автори: Casso, F. de (autor) (autor)
Формат: Книга
Серія:PENSAMIENTO CRITICO, PENSAMIENTO UTOPICO; 66
Предмети:
Теги: Додати тег
Немає тегів, Будьте першим, хто поставить тег для цього запису!

MARC

LEADER 00000nam^a2200000^a^4500
001 000224204
005 20250521000000.0
009 20260310104041.244
020 |a 84-7658-330-3 
035 |a 042690 
037 |a Acervo Xavier Clavigero 
082 |a 200. 1  |b MAT V. 
245 1 0 |a MATERIALES PARA UNA FILOSOFIA DE LA RELIGION/  |c F. DE CASSO ...[ ET. AL.] 
264 |a BARCELONA :  |b CSIC, ANTHROPOS,  |c 1992 
300 |a V.- 2ej. 
336 |a texto  |b txt  |2 rdacontenido 
337 |a sin mediación  |b n  |2 rdamedio 
338 |a volumen  |b nc  |2 rdasoporte 
440 |a PENSAMIENTO CRITICO, PENSAMIENTO UTOPICO;  |v 66 
520 |a CONTENIDO: V.1 CUESTIONES EPISTEMOLOGICAS.-- V.2 LA TRADICION ANALITICA 
649 |a XX 
650 |a Religión -  |x Filosofía 
650 |a Epistemología 
700 |a Casso, F. de  |e (autor) 
910 |a Fondo General 
920 |a Impresos - Libros 
930 |a Colección General 
905 |a 101 
901 |a 042690  |b IT1  |c ACC  |i 042690  |u 20250521 
901 |a 042691  |b IT1  |c ACC  |i 042691  |u 20250521 
902 |a https://opac.biblio.iteso.mx/vufind/Record/000224204